Normal view
MARC view
- Lee, Samuel C.
Entry Personal Name
001 - CONTROL NUMBER
- control field: 103786
003 - CONTROL NUMBER IDENTIFIER
- control field: NUST
005 - DATE AND TIME OF LATEST TRANSACTION
- control field: 20221129144408.0
008 - FIXED-LENGTH DATA ELEMENTS
- fixed length control field: 221129|| aca||aabn | a|a d
040 ## - CATALOGING SOURCE
- Original cataloging agency: NUST
- Transcribing agency: NUST
100 ## - HEADING--PERSONAL NAME
- Personal name: Lee, Samuel C.
670 ## - SOURCE DATA FOUND
- Source citation: Work cat.: (NUST)182187: Lee, Samuel C.,, Digital circuits and logic design /, c1976.
